A Dios las deudas y al alcalde las jaranas : (Record no. 161612)

MARC details
000 -LEADER
fixed length control field 00842nam a22002057a 4500
005 - DATE AND TIME OF LATEST TRANSACTION
control field 20220407123454.0
008 - FIXED-LENGTH DATA ELEMENTS--GENERAL INFORMATION
fixed length control field 220407b mx ||||| |||| 00| 0 spa d
020 ## - INTERNATIONAL STANDARD BOOK NUMBER
International Standard Book Number 9687864001 (obra completa)
020 ## - INTERNATIONAL STANDARD BOOK NUMBER
International Standard Book Number 9687864044
050 04 - LIBRARY OF CONGRESS CALL NUMBER
Classification number BX8526
Item number H54 1999
100 1# - MAIN ENTRY--PERSONAL NAME
Personal name Higuera Bonfil, Antonio
245 11 - TITLE STATEMENT
Title A Dios las deudas y al alcalde las jaranas :
Remainder of title religión y política en el Caribe mexicano /
Statement of responsibility, etc Antonio Higuera Bonfil
250 ## - EDITION STATEMENT
Edition statement 1a ed.
260 ## - PUBLICATION, DISTRIBUTION, ETC. (IMPRINT)
Place of publication, distribution, etc Mexico :
Name of publisher, distributor, etc Consejo Nacional de Ciencia y Tecnología ; Chetumal, Quintana Roo : Universidad de Quintana Roo,
Date of publication, distribution, etc 1999
300 ## - PHYSICAL DESCRIPTION
Extent xxxii, 311 p. :
Other physical details ilustraciones, mapas
Dimensions 21 cm.
490 #0 - SERIES STATEMENT
Series statement Colección Sociedad y cultura en la vida de Quintana Roo ;
Volume number/sequential designation No. 4
650 #4 - SUBJECT ADDED ENTRY--TOPICAL TERM
Topical term or geographic name as entry element Testigos de Jehová
651 #4 - SUBJECT ADDED ENTRY--GEOGRAPHIC NAME
Geographic name Quintana Roo
General subdivision Política y gobierno
Chronological subdivision Siglo XX
942 ## - ADDED ENTRY ELEMENTS (KOHA)
Source of classification or shelving scheme Biblioteca del Cogreso de los Estados Unidos
Koha item type Libro
Holdings
Estado de pérdida Fuente de clasificación Estado del daño No para préstamo Ubicación permanente Ubicación actual Apartado o colección Fecha de adquisición Fuente de adquisición Edición Dependencia de educación superior (DES) Área del conocimiento Total Checkouts Clasificación Código de Barras Date last seen Número de copia Costo por reposición Tipo de recurso
  Biblioteca del Cogreso de los Estados Unidos   Consulta Biblioteca de la Facultad de Filosofía Biblioteca de la Facultad de Filosofía Fondo "Luis Villoro" 07/04/2022 Donación 1a ed. Humanidades Educación y Humanidades   BX8526 H54 1999 BFF000036982 07/04/2022 C:1 1.00 Libro